<?xml version="1.0" encoding="UTF-8"?>
<record
    xmlns:xsi="http://www.w3.org/2001/XMLSchema-instance"
    xsi:schemaLocation="http://www.loc.gov/MARC21/slim http://www.loc.gov/standards/marcxml/schema/MARC21slim.xsd"
    xmlns="http://www.loc.gov/MARC21/slim">

  <leader>02432nam a2200301uu 4500</leader>
  <controlfield tag="001">1376359</controlfield>
  <controlfield tag="005">20260508085529.0</controlfield>
  <controlfield tag="008">140701s2012                        spa  </controlfield>
  <datafield tag="020" ind1=" " ind2=" ">
    <subfield code="a">9788479029227</subfield>
  </datafield>
  <datafield tag="035" ind1=" " ind2=" ">
    <subfield code="a">1376359</subfield>
  </datafield>
  <datafield tag="040" ind1=" " ind2=" ">
    <subfield code="c">comduadb</subfield>
  </datafield>
  <datafield tag="041" ind1=" " ind2=" ">
    <subfield code="a">spa</subfield>
  </datafield>
  <datafield tag="082" ind1=" " ind2="4">
    <subfield code="a">778</subfield>
  </datafield>
  <datafield tag="100" ind1="1" ind2="0">
    <subfield code="a">Sheppard, Rob</subfield>
    <subfield code="4">aut</subfield>
    <subfield code="e">aut</subfield>
    <subfield code="9">406945</subfield>
  </datafield>
  <datafield tag="245" ind1="1" ind2="0">
    <subfield code="a">Gu&#xED;a completa del v&#xED;deo HD para fot&#xF3;grafos digitales</subfield>
  </datafield>
  <datafield tag="260" ind1=" " ind2=" ">
    <subfield code="a">Madrid :</subfield>
    <subfield code="b">Ediciones Tutor,</subfield>
    <subfield code="c">2012.</subfield>
  </datafield>
  <datafield tag="300" ind1=" " ind2=" ">
    <subfield code="a">175 p. : il. col.</subfield>
  </datafield>
  <datafield tag="505" ind1=" " ind2=" ">
    <subfield code="a">CONTENIDO : Video para fot&#xF3;grafos. -- La c&#xE1;mara fotogr&#xE1;fica frente a la c&#xE1;mara de video. -- El sonido es importante. -- Accesorios para mejorar el video. -- Grabaci&#xF3;n de video HD. -- Como crear variedad visual. -- Grabaci&#xF3;n de audio. -- Hardware y software de edici&#xF3;n. -- Edici&#xF3;n en video. -- edici&#xF3;n de audio. -- El video final. -- Referencia r&#xE1;pida: especificaciones de formatos de salida. -- Glosario e &#xED;ndice alfab&#xE9;tico.</subfield>
  </datafield>
  <datafield tag="520" ind1="3" ind2=" ">
    <subfield code="a">Hoy en d&#xED;a los fot&#xF3;grafos pueden, con una c&#xE1;mara fotogr&#xE1;fica r&#xE9;flex digital,grabar tanto im&#xE1;genes fijas de alta calidad como v&#xED;deos de alta definici&#xF3;n (HD) aproveche plenamente las posibilidades de grabar v&#xED;deos en alta definici&#xF3;n (HD) que le ofrecen los &#xFA;ltimos modelos de c&#xE1;maras fotogr&#xE1;ficas r&#xE9;flex digitales, gracias a los consejos expertos de este libro. Conocer&#xE1; todo lo necesario acerca del equipamiento, la grabaci&#xF3;n de audio, las t&#xE9;cnicas de rodaje, los formatos y la edici&#xF3;n de audio y v&#xED;deo, junto con el acabado del archivo final. En poco tiempo, ser&#xE1; capaz de crear v&#xED;deos fant&#xE1;sticos con la c&#xE1;mara r&#xE9;flex digital. Aprenda: Qu&#xE9; caracter&#xED;sticas de v&#xED;deo HD se adaptan mejor a usted; Qu&#xE9; limitaciones tienen los micr&#xF3;fonos internos; Qu&#xE9; diferencias hay entre v&#xED;deo y fotograf&#xED;a a la hora de componer la imagen; Qu&#xE9; tipos de plano existen y c&#xF3;mo editarlos; Maneras sencillas de grabar sujetos en movimiento o con la c&#xE1;mara en movimiento; C&#xF3;mo elegir el mejor programa inform&#xE1;tico de edici&#xF3;n;  C&#xF3;mo integrar la m&#xFA;sica en el v&#xED;deo; Qu&#xE9; es la compresi&#xF3;n, y mucho m&#xE1;s.</subfield>
  </datafield>
  <datafield tag="650" ind1=" " ind2=" ">
    <subfield code="a">Video digital</subfield>
    <subfield code="9">36378</subfield>
  </datafield>
  <datafield tag="650" ind1=" " ind2=" ">
    <subfield code="a">Camara de video digital</subfield>
    <subfield code="9">139282</subfield>
  </datafield>
  <datafield tag="650" ind1=" " ind2=" ">
    <subfield code="a">Edicion de videos</subfield>
    <subfield code="9">38540</subfield>
  </datafield>
  <datafield tag="650" ind1=" " ind2="7">
    <subfield code="a">Fotograf&#xED;a digital</subfield>
    <subfield code="2">lemb</subfield>
    <subfield code="9">16121</subfield>
  </datafield>
  <datafield tag="700" ind1="1" ind2="0">
    <subfield code="a">Guncheon, Michael</subfield>
    <subfield code="4">aut</subfield>
    <subfield code="e">aut</subfield>
    <subfield code="9">701482</subfield>
  </datafield>
  <datafield tag="700" ind1="1" ind2="0">
    <subfield code="a">Domingo Santamaria, David</subfield>
    <subfield code="4">edt</subfield>
    <subfield code="e">edt</subfield>
    <subfield code="9">423804</subfield>
  </datafield>
  <datafield tag="700" ind1="1" ind2="0">
    <subfield code="a">Schleper, Frank</subfield>
    <subfield code="4">trl</subfield>
    <subfield code="e">trl</subfield>
    <subfield code="9">714969</subfield>
  </datafield>
  <datafield tag="942" ind1=" " ind2=" ">
    <subfield code="c">BOOK</subfield>
  </datafield>
  <datafield tag="999" ind1=" " ind2=" ">
    <subfield code="c">691783</subfield>
    <subfield code="d">691783</subfield>
  </datafield>
  <datafield tag="952" ind1=" " ind2=" ">
    <subfield code="0">0</subfield>
    <subfield code="1">0</subfield>
    <subfield code="4">0</subfield>
    <subfield code="7">0</subfield>
    <subfield code="8">GEN</subfield>
    <subfield code="a">BC</subfield>
    <subfield code="b">BC</subfield>
    <subfield code="d">2014-07-01</subfield>
    <subfield code="e">Buscalibre</subfield>
    <subfield code="g">65000.00</subfield>
    <subfield code="i">C1206994</subfield>
    <subfield code="l">0</subfield>
    <subfield code="o">778.59 S549</subfield>
    <subfield code="p">0992870</subfield>
    <subfield code="r">2024-10-17 00:00:00</subfield>
    <subfield code="t">1</subfield>
    <subfield code="w">2023-05-02</subfield>
    <subfield code="y">BOOK</subfield>
  </datafield>
</record>
